Общая топология.; Использование вещественных чисел в общей топологии. Функциональные пространства. Сводка результатов: словарь; пер. с франц.

Xehetasun bibliografikoak
Egile nagusia: Бурбаки Н.
Hizkuntza:errusiera
Argitaratua: Москва, Наука, 1975
Saila:Элементы математики вып. 3
Gaiak:
Formatua: MixedMaterials Liburua
KOHA link:https://koha.lib.tpu.ru/cgi-bin/koha/opac-detail.pl?biblionumber=156132

MARC

LEADER 00000nam0a2200000 4500
001 156132
005 20231031152929.0
035 |a (RuTPU)RU\TPU\book\169333 
090 |a 156132 
100 |a 20090323d1975 m y0rusy50 ca 
101 1 |a rus  |c fre 
102 |a RU 
105 |a y z 001zy 
200 1 |a Общая топология.  |a Использование вещественных чисел в общей топологии. Функциональные пространства. Сводка результатов  |e словарь  |e пер. с франц.  |f Н. Бурбаки 
210 |a Москва  |c Наука  |d 1975 
215 |a 408 с. 
225 1 |a Элементы математики  |v вып. 3 
320 |a Библиогр.: с. 172. 
610 1 |a топология 
610 1 |a математика 
610 1 |a элементы 
610 1 |a вещественные числа 
610 1 |a использование 
610 1 |a функциональные пространства 
610 1 |a результаты 
610 1 |a словари 
675 |a 513.83  |v 3 
700 1 |a Бурбаки  |b Н. 
801 1 |a RU  |b 63413507  |c 20090323  |g PSBO 
801 2 |a RU  |b 63413507  |c 20090701  |g PSBO 
942 |c BK